A Wittman-hagyaték sorsa

Elmentve itt :
Bibliográfiai részletek
Szerző: Harci Tibor
Dokumentumtípus: Cikk
Megjelent: 1974
Sorozat:Aetas 2
Kulcsszavak:Történelemtudomány
Online Access:http://acta.bibl.u-szeged.hu/16485
LEADER 00551nab a2200181 i 4500
001 acta16485
005 20210426122211.0
008 161015s1974 hu o 0|| hun d
022 |a 0237-7934 
040 |a SZTE Egyetemi Kiadványok Repozitórium  |b hun 
041 |a hun 
100 1 |a Harci Tibor 
245 1 2 |a A Wittman-hagyaték sorsa  |h [elektronikus dokumentum] /  |c  Harci Tibor 
260 |c 1974 
300 |a 56 
490 0 |a Aetas  |v 2 
695 |a Történelemtudomány 
856 4 0 |u http://acta.bibl.u-szeged.hu/16485/1/aetas_1974_002_056.pdf  |z Dokumentum-elérés